000 00369nam a2200157Ia 4500
008 221030s9999 xx 000 0 und d
020 _a8176110671
041 _aEnglish
082 _a105.23
_bMat
100 _aM. J. Mathew
245 0 _aSales Management & Sales Promotion
260 _bRBSA Pub.
_aJaipur
_c2005
300 _a299
650 _aManagement
942 _cBK
999 _c769
_d769